Maltrato y abuso sexual de menores: una revisión crítica.

Saved in:
Bibliographic Details
Main Author: Rodríguez Almada, Hugo
Format: Book
Language:Spanish
Published: Granada, España Comares 2006
Series:Medicina Legal
Subjects:
Tags: Add Tag
No Tags, Be the first to tag this record!

MARC

LEADER 00000nam a2200000 a 4500
001 UCI6228
003 CL-VaPUC
005 20250227104142.0
008 080425e20060000SP |||||||||||||||||spa|d
999 |c 329759  |d 329757 
020 |a 849836051X 
040 |c Pontificia Universidad Católica de Valparaíso 
082 0 4 |a 362.761 ROD 2006  |2 21 
100 0 |a Rodríguez Almada, Hugo  |9 528953 
245 1 0 |a Maltrato y abuso sexual de menores: una revisión crítica. 
260 0 3 |a Granada, España  |b Comares  |c 2006 
300 |a 101 páginas 
490 0 |a Medicina Legal 
583 |a last modification  |c 20121001 01:41:54  |k Rodrigo Vera 
650 0 |a Víctimas de abuso sexual  |9 528954 
650 0 |a Conducta sexual  |9 309880 
650 0 |a Delincuencia juvenil  |9 311188 
650 0 |a Maltrato infantil  |9 324690 
650 0 |a Abuso sexual  |9 475641 
942 |c BK  |2 ddc 
945 |d 20080425 00:00:00  |a rbrito 
952 |0 0  |1 0  |2 ddc  |4 0  |6 362_761000000000000_ROD_2006  |7 0  |8 A  |9 414813  |a BIBDER  |b BIBDER  |d 2019-11-22  |i 4433068  |l 1  |o 362.761 ROD 2006  |p 4433068  |r 2023-01-25  |s 2022-07-19  |t 1  |w 2019-11-22  |y BK  |k DER